000 00198nam a22000977a 4500
082 _a894.812.3
_bMEE/N
100 _aMEENATHERY, SIRAJ
245 _aNEERKUMALA
650 _aMALAYALAM STORY
942 _cBK
999 _c7708
_d7708